100 Biggest Cities of Niger on a Map - Statistics

General Stats
  • This quiz has been taken 48 times
  • The average score is 9 of 100
Answers on the Map
Answers color-coded by a green-red scale on the quiz's map according to % correct below.
 
Answer Stats
Population City % Correct
1,026,848 Niamey
100%
110,497 Agadez
55%
235,605 Zinder
55%
267,249 Maradi
40%
117,826 Tahoua
40%
39,960 Diffa
30%
78,651 Arlit
25%
13,546 Say
25%
36,971 Dogondoutchi
20%
58,671 Dosso
20%
29,119 Téra
20%
22,774 Tillabéri
20%
6,788 Bani Bangou
15%
63,169 Birni N'Konni
15%
12,224 Filingué
15%
45,465 Gaya
15%
7,839 Ingall
15%
13,136 Maïné-Soroa
15%
23,670 N'Guigmi
15%
10,594 Ouallam
15%
9,144 Toro
15%
11,068 Abala
10%
21,842 Abalak
10%
17,397 Aguié
10%
11,528 Ayérou
10%
9,497 Bagaroua
10%
10,368 Bouza
10%
18,289 Gouré
10%
22,491 Illéla
10%
10,361 Kéita
10%
14,746 Kollo
10%
27,972 Madaoua
10%
25,928 Magaria
10%
9,392 Malbaza
10%
13,157 Mayahi
10%
8,921 Sanam
10%
8,554 Takiéta
10%
20,339 Tanout
10%
7,040 Taza
10%
15,298 Tchintabaraden
10%
9,571 Tchirozérine
10%
43,409 Tessaoua
10%
25,513 Tibiri
10%
8,006 Affala
5%
11,842 Badaguichiri
5%
7,640 Baguéye
5%
16,063 Balléyara
5%
12,329 Bengou
5%
14,430 Birni N'Gaouré
5%
7,861 Dabnou
5%
29,293 Dakoro
5%
7,204 Dirkou
5%
9,865 Dungass
5%
13,888 Galmi
5%
14,674 Gazaoua
5%
7,512 Gothèye
5%
8,412 Guéchémé
5%
17,525 Guidan Roumdji
5%
15,326 Guidimouni
5%
13,190 Kantché
5%
7,824 Komabangou
5%
7,388 Koré Maïroua
5%
7,070 Kornaka
5%
12,220 Madarounfa
5%
27,615 Matamèye
5%
14,261 Matankari
5%
28,407 Mirriah
5%
11,813 Torodi
5%
9,347 Tsernaoua
5%
7,363 Allakaye
0%
6,937 Angoual Dénia
0%
9,523 Bandé
0%
9,237 Bandio
0%
7,002 Dafawa
0%
14,358 Dan-Issa
0%
7,601 Dogo Chaibou
0%
8,673 Doguérawa
0%
6,968 Dossey
0%
8,582 Guidan Ider
0%
8,068 Guidiguir
0%
7,064 Ibohamane
0%
6,977 Kaouara
0%
8,505 Karma
0%
9,064 Kawara
0%
7,500 Kazaé
0%
8,784 Kiota Mayaki
0%
8,913 Kolléram
0%
7,336 Kollom Babba
0%
9,168 Maïjirgui
0%
8,365 Sabon-Machi
0%
7,167 Tabalak
0%
7,296 Tajaé Sédentaire
0%
21,387 Tamaské
0%
8,098 Tanda
0%
20,013 Tchadoua
0%
8,785 Toullou
0%
9,530 Tounfafi
0%
8,296 Tounouga
0%
7,351 Yama
0%
9,015 Yékoua
0%
No matching quizzes found
Score Distribution
Percent of People with Each Score
Percentile by Number Answered
Your Score History
You have not taken this quiz